Innovation management

Bibliographic Details
Main Author: Molnár, Pavol, 1945- (Author)
Format: Book
Language:English
PhysicalDescription:122 s. grafy, sch., tab. 29 cm
Published: Bratislava Ekonóm 2007
ISBN:9788022524933
Edition:Dotl.
Subjects:

MARC

LEADER 00000nam a2200000 a 4500
001 vtls009294428
003 SK-MaSNL
005 20260301081630.0
008 240314s2007 xo dl d p 000 0 eng
015 |a SNBA2008/07-03902 
020 |a 9788022524933  |q (brož.) 
035 |a B4D79032-B98E-488E-874C-3D9D8FF9B27D 
035 |a urn:nbn:sk:snk-amkpvp 
035 |a urn:nbn:sk:snk-am005diy 
040 |a SNK  |b slo  |c SNK  |e AACR2 
041 0 |a eng 
044 |a xo  |c SK 
072 7 |a 005  |x Manažment. Riadenie  |2 konspekt 
072 7 |a 37.016  |x Učebné osnovy. Vyučovacie predmety. Učebnice  |2 konspekt 
080 |a 005.342  |2 2001 
080 |a (075.8)  |2 2001 
100 1 |a Molnár, Pavol,  |d 1945-  |4 aut  |9 113166 
245 1 0 |a Innovation management  |c Pavol Molnár 
250 |a Dotl. 
260 |a Bratislava  |b Ekonóm  |c 2007 
300 |a 122 s.  |b grafy, sch., tab.  |c 29 cm 
366 |e 200 výt. 
504 |a Bibliogr. s. 121-122 
650 0 7 |a manažment inovácií  |2 SNKPH  |9 931 
655 7 |a učebnice vysokých škôl  |2 SNKPH  |9 70191 
919 |a 978-80-225-2493-3 
958 |a OND 
958 |a NB 
968 |d 0 
999 |c 656396  |d 658326 
952 |a SNK  |b SNK  |y PREZ  |7 0  |p 17A0587803  |o snkSB 75882  |i snk2008/10506  |8 0  |0 0  |1 0  |4 0  |d 2008-05-15  |f 1  |l 0  |r 2025-04-28 00:00:00  |w 2026-02-23 
952 |a SNK  |b SNK  |y VYP  |7 0  |p 17A0747620  |o snkSB 75882 D1  |i snk2008/10507  |8 0  |0 0  |1 0  |4 0  |d 2008-05-15  |l 0  |r 2016-06-30 00:00:00  |w 2026-02-23